[Event "European Senior Team Championship 2021"]
[Site "Don Giovanni hotel, Vinohradska 2733, Prague, Czech Republic"]
[Date "2021.09.02"]
[Round "4"]
[Board "1"]
[White "Semakoff, Aleks"]
[Black "Huss, Andreas"]
[Result "1/2-1/2"]
[WhiteElo "1996"]
[BlackElo "2249"]
[PlyCount "0"]
[EventDate "2021.08.30"]
[EventType "team"]
[EventRounds "9"]
[EventCountry "ECX"]
[WhiteTeam "GOLDEN OLDIES"]
[BlackTeam "SWITZERLAND"]

1. e4 {[%clk 1:30:58]} e6 {[%clk 1:30:45]} 2. d4 {[%clk 1:31:16]} d5
{[%clk 1:31:05]} 3. exd5 {[%clk 1:31:34]} exd5 {[%clk 1:31:24]} 4. Nf3
{[%clk 1:31:25]} Bd6 {[%clk 1:30:19]} 5. c4 {[%clk 1:31:21]} c6 {[%clk 1:30:01]}
6. Nc3 {[%clk 1:30:51]} Ne7 {[%clk 1:29:08]} 7. Bd3 {[%clk 1:30:01]} dxc4
{[%clk 1:28:05]} 8. Bxc4 {[%clk 1:30:02]} O-O {[%clk 1:27:45]} 9. O-O
{[%clk 1:29:33]} Nd7 {[%clk 1:25:10]} 10. Bb3 {[%clk 1:24:51]} Nb6
{[%clk 1:15:27]} 11. Bg5 {[%clk 1:23:30]} Kh8 {[%clk 1:13:27]} 12. Bxe7
{[%clk 1:20:48]} Bxe7 {[%clk 1:02:29]} 13. Ne5 {[%clk 1:15:13]} Be6
{[%clk 0:48:21]} 14. Bxe6 {[%clk 1:12:43]} fxe6 {[%clk 0:48:42]} 15. Qg4
{[%clk 1:07:02]} Qc8 {[%clk 0:45:55]} 16. Rae1 {[%clk 0:55:32]} Rf5
{[%clk 0:37:48]} 17. Re3 {[%clk 0:49:31]} Kg8 {[%clk 0:27:51]} 18. Rfe1
{[%clk 0:44:47]} Bg5 {[%clk 0:19:51]} 19. Rg3 {[%clk 0:37:36]} Nd5
{[%clk 0:14:55]}  1/2-1/2

[Event "European Senior Team Championship 2021"]
[Site "Don Giovanni hotel, Vinohradska 2733, Prague, Czech Republic"]
[Date "2021.09.02"]
[Round "4"]
[Board "2"]
[White "Hugentobler, Patrick"]
[Black "Taksrud, Vidar"]
[Result "1-0"]
[WhiteElo "2168"]
[BlackElo "1910"]
[PlyCount "0"]
[EventDate "2021.08.30"]
[EventType "team"]
[EventRounds "9"]
[EventCountry "ECX"]
[WhiteTeam "SWITZERLAND"]
[BlackTeam "GOLDEN OLDIES"]

1. e4 {[%clk 1:30:52]} c5 {[%clk 1:30:39]} 2. Nc3 {[%clk 1:31:10]} Nc6
{[%clk 1:30:54]} 3. f4 {[%clk 1:31:27]} d6 {[%clk 1:30:24]} 4. Nf3
{[%clk 1:31:23]} Bg4 {[%clk 1:30:12]} 5. Bb5 {[%clk 1:29:28]} e6 {[%clk 1:27:00]}
6. Bxc6+ {[%clk 1:28:57]} bxc6 {[%clk 1:27:19]} 7. O-O {[%clk 1:29:16]} d5
{[%clk 1:22:44]} 8. d3 {[%clk 1:27:42]} Ne7 {[%clk 1:19:21]} 9. h3
{[%clk 1:25:15]} Bxf3 {[%clk 1:18:37]} 10. Qxf3 {[%clk 1:25:35]} g6
{[%clk 1:17:28]} 11. f5 {[%clk 1:14:56]} exf5 {[%clk 0:58:08]} 12. Bg5
{[%clk 0:59:38]} Qd6 {[%clk 0:49:48]} 13. exf5 {[%clk 0:51:12]} gxf5
{[%clk 0:38:31]} 14. Rae1 {[%clk 0:46:34]} O-O-O {[%clk 0:36:20]} 15. Bxe7
{[%clk 0:40:36]} Bxe7 {[%clk 0:36:39]} 16. Qxf5+ {[%clk 0:40:53]} Rd7
{[%clk 0:36:58]} 17. Qxf7 {[%clk 0:35:22]} Rf8 {[%clk 0:30:07]} 18. Qh5
{[%clk 0:26:40]} Rg8 {[%clk 0:26:13]} 19. Rf3 {[%clk 0:22:19]} Bd8
{[%clk 0:25:06]} 20. Re8 {[%clk 0:20:06]} Rg6 {[%clk 0:22:22]} 21. Qe5
{[%clk 0:18:32]} Qxe5 {[%clk 0:22:09]} 22. Rxe5 {[%clk 0:19:01]} Rdg7
{[%clk 0:22:22]} 23. Re2 {[%clk 0:19:04]} h5 {[%clk 0:18:01]} 24. Nb1
{[%clk 0:14:33]} Kd7 {[%clk 0:17:26]} 25. Nd2 {[%clk 0:14:01]} Kd6
{[%clk 0:16:37]} 26. Rf5 {[%clk 0:12:08]} h4 {[%clk 0:14:58]} 27. Rf3
{[%clk 0:11:52]} a5 {[%clk 0:14:29]} 28. Nf1 {[%clk 0:11:32]} Rb7
{[%clk 0:13:22]} 29. b3 {[%clk 0:11:48]} Bf6 {[%clk 0:12:56]} 30. Nh2
{[%clk 0:11:42]} Bd4+ {[%clk 0:12:39]} 31. Kf1 {[%clk 0:11:59]} a4
{[%clk 0:12:40]} 32. Rf8 {[%clk 0:10:16]} c4 {[%clk 0:09:18]} 33. dxc4
{[%clk 0:09:31]} dxc4 {[%clk 0:08:16]} 34. Nf3 {[%clk 0:07:34]} Bf6
{[%clk 0:07:57]} 35. Nd2 {[%clk 0:06:19]} cxb3 {[%clk 0:07:52]} 36. cxb3
{[%clk 0:05:58]} axb3 {[%clk 0:05:58]} 37. axb3 {[%clk 0:06:28]} Bg7
{[%clk 0:04:03]} 38. Rf4 {[%clk 0:05:01]} Bf6 {[%clk 0:02:05]} 39. Ne4+
{[%clk 0:03:38]} Ke5 {[%clk 0:02:21]} 40. Rf3 {[%clk 0:03:19]}  1-0

[Event "European Senior Team Championship 2021"]
[Site "Don Giovanni hotel, Vinohradska 2733, Prague, Czech Republic"]
[Date "2021.09.02"]
[Round "4"]
[Board "3"]
[White "Johnsen, Oystein"]
[Black "Vucenovic, Dragomir"]
[Result "0-1"]
[WhiteElo "1958"]
[BlackElo "2161"]
[PlyCount "0"]
[EventDate "2021.08.30"]
[EventType "team"]
[EventRounds "9"]
[EventCountry "ECX"]
[WhiteTeam "GOLDEN OLDIES"]
[BlackTeam "SWITZERLAND"]

1. d4 {[%clk 1:30:56]} d5 {[%clk 1:30:43]} 2. Nf3 {[%clk 1:31:17]} e6
{[%clk 1:30:50]} 3. Bf4 {[%clk 1:31:15]} Bd6 {[%clk 1:31:00]} 4. Bg3
{[%clk 1:31:35]} Qe7 {[%clk 1:31:08]} 5. e3 {[%clk 1:31:15]} Nd7 {[%clk 1:30:58]}
6. Bd3 {[%clk 1:24:52]} c6 {[%clk 1:22:51]} 7. Qe2 {[%clk 1:22:35]} f5
{[%clk 1:13:15]} 8. Nbd2 {[%clk 1:17:42]} Ngf6 {[%clk 1:08:36]} 9. Ne5
{[%clk 1:12:12]} Bxe5 {[%clk 1:07:46]} 10. Bxe5 {[%clk 1:04:43]} Nxe5
{[%clk 1:06:23]} 11. dxe5 {[%clk 1:05:06]} Ng4 {[%clk 1:05:39]} 12. f4
{[%clk 1:04:42]} Qc5 {[%clk 1:01:53]} 13. Nf1 {[%clk 1:01:12]} Bd7
{[%clk 0:51:41]} 14. h3 {[%clk 1:01:25]} Nh6 {[%clk 0:52:03]} 15. O-O-O
{[%clk 0:59:16]} O-O-O {[%clk 0:52:00]} 16. Kb1 {[%clk 0:58:44]} Nf7
{[%clk 0:47:58]} 17. g4 {[%clk 0:54:03]} g6 {[%clk 0:47:26]} 18. Nd2
{[%clk 0:50:44]} b5 {[%clk 0:44:00]} 19. Nb3 {[%clk 0:48:36]} Qb6
{[%clk 0:43:57]} 20. c3 {[%clk 0:45:20]} c5 {[%clk 0:42:08]} 21. Bc2
{[%clk 0:45:20]} a5 {[%clk 0:41:40]} 22. gxf5 {[%clk 0:44:48]} gxf5 23. Rhg1 a4
{[%clk 0:39:03]} 24. Nc1 {[%clk 0:42:24]} Rdg8 {[%clk 0:35:03]} 25. Qf2
{[%clk 0:40:05]} Nd8 {[%clk 0:33:48]} 26. Rxg8 {[%clk 0:40:12]} Rxg8
{[%clk 0:34:02]} 27. Rg1 {[%clk 0:40:33]} Rxg1 {[%clk 0:33:43]} 28. Qxg1
{[%clk 0:41:02]} b4 {[%clk 0:33:34]} 29. cxb4 {[%clk 0:38:16]} cxb4
{[%clk 0:33:12]} 30. b3 {[%clk 0:36:26]} a3 {[%clk 0:29:12]} 31. Ne2
{[%clk 0:32:55]} Nc6 {[%clk 0:26:24]} 32. Bd3 {[%clk 0:26:04]} Kb7
{[%clk 0:24:32]} 33. Kc1 {[%clk 0:21:25]} Qc7 {[%clk 0:16:22]} 34. Kd2
{[%clk 0:21:02]} Na5 {[%clk 0:12:17]} 35. Qb1 {[%clk 0:15:57]} Qc5
{[%clk 0:09:47]} 36. Qc2 {[%clk 0:16:19]} Qxc2+ {[%clk 0:07:48]} 37. Kxc2
{[%clk 0:15:49]} Kb6 {[%clk 0:08:01]} 38. Nd4 {[%clk 0:15:25]} Kc5
{[%clk 0:05:46]} 39. Be2 {[%clk 0:03:38]} Nc6 {[%clk 0:04:12]} 40. Kd3
{[%clk 0:03:37]} Ne7 41. Bh5 Nc6 {[%clk 0:29:07]} 42. Bf7 {[%clk 0:27:19]} Nxd4
{[%clk 0:26:17]} 43. exd4+ {[%clk 0:27:47]} Kb6 {[%clk 0:26:29]} 44. Ke3
{[%clk 0:26:06]} Ba4 {[%clk 0:25:27]}  0-1

[Event "European Senior Team Championship 2021"]
[Site "Don Giovanni hotel, Vinohradska 2733, Prague, Czech Republic"]
[Date "2021.09.02"]
[Round "4"]
[Board "4"]
[White "Bhend, Edwin"]
[Black "Thjomoe, Hans Richard"]
[Result "1-0"]
[WhiteElo "2104"]
[BlackElo "1856"]
[PlyCount "0"]
[EventDate "2021.08.30"]
[EventType "team"]
[EventRounds "9"]
[EventCountry "ECX"]
[WhiteTeam "SWITZERLAND"]
[BlackTeam "GOLDEN OLDIES"]

1. d4 {[%clk 1:30:54]} e6 {[%clk 1:30:33]} 2. Nf3 {[%clk 1:29:51]} f5
{[%clk 1:30:15]} 3. Bg5 {[%clk 1:29:33]} Nf6 {[%clk 1:30:05]} 4. Nbd2
{[%clk 1:28:36]} Be7 {[%clk 1:29:19]} 5. Bxf6 {[%clk 1:28:26]} Bxf6
{[%clk 1:28:40]} 6. e4 {[%clk 1:28:51]} fxe4 {[%clk 1:28:07]} 7. Nxe4
{[%clk 1:29:14]} O-O {[%clk 1:28:27]} 8. Bd3 {[%clk 1:28:46]} Nc6
{[%clk 1:23:39]} 9. c3 {[%clk 1:27:49]} d5 {[%clk 1:19:58]} 10. Nxf6+
{[%clk 1:27:39]} Qxf6 {[%clk 1:19:57]} 11. Qc2 {[%clk 1:26:01]} h6
{[%clk 1:12:24]} 12. Bb5 {[%clk 1:26:11]} Bd7 {[%clk 1:11:27]} 13. Bxc6
{[%clk 1:26:24]} Bxc6 {[%clk 1:11:43]} 14. O-O {[%clk 1:26:35]} Be8
{[%clk 1:09:40]} 15. Ne5 {[%clk 1:26:00]} c5 {[%clk 1:08:01]} 16. Rfe1
{[%clk 1:21:04]} Rc8 {[%clk 1:05:58]} 17. dxc5 {[%clk 1:19:15]} Rxc5
{[%clk 1:02:17]} 18. Qd2 {[%clk 1:19:34]} Rc7 {[%clk 0:55:53]} 19. f3
{[%clk 1:15:02]} Kh7 {[%clk 0:49:56]} 20. Qe3 {[%clk 1:12:38]} Qe7
{[%clk 0:36:55]} 21. Qxa7 {[%clk 1:11:19]} Qc5+ {[%clk 0:37:04]} 22. Qxc5
{[%clk 1:11:36]} Rxc5 {[%clk 0:37:30]} 23. Rad1 {[%clk 1:11:08]} Ra5
{[%clk 0:36:15]} 24. a3 {[%clk 1:11:07]} Ra4 {[%clk 0:35:07]} 25. Rd2
{[%clk 1:08:52]} Kg8 {[%clk 0:34:37]} 26. Kf2 {[%clk 1:02:25]} Rf6
{[%clk 0:32:12]} 27. Rd4 {[%clk 1:02:28]} Kf8 {[%clk 0:31:09]} 28. Nd3
{[%clk 0:59:09]} b6 {[%clk 0:29:33]} 29. Nb4 {[%clk 0:56:35]} Ra5
{[%clk 0:27:51]} 30. h4 {[%clk 0:52:23]} Bb5 {[%clk 0:22:14]} 31. Re3
{[%clk 0:43:09]} Ra7 {[%clk 0:19:59]} 32. Re5 {[%clk 0:41:01]} Ra8
{[%clk 0:19:33]} 33. Nc2 {[%clk 0:40:12]} Bc4 {[%clk 0:19:09]} 34. Ne3
{[%clk 0:38:46]} b5 {[%clk 0:15:20]} 35. Ng4 {[%clk 0:28:21]} Rg6
{[%clk 0:15:01]} 36. h5 {[%clk 0:27:19]} Rg5 {[%clk 0:15:02]} 37. Rxe6
{[%clk 0:27:16]} Rxh5 {[%clk 0:14:00]} 38. Rf4+ {[%clk 0:27:24]} Kg8
{[%clk 0:14:11]} 39. Re7 {[%clk 0:27:45]} Rf8 {[%clk 0:13:15]} 40. Rxf8+
{[%clk 0:26:12]} Kxf8 {[%clk 0:13:38]} 41. Re1 {[%clk 0:26:35]} Rg5
{[%clk 0:11:13]} 42. Ne5 {[%clk 0:22:49]} Bb3 {[%clk 0:08:23]} 43. g4
{[%clk 0:22:26]} h5 {[%clk 0:06:02]} 44. f4 {[%clk 0:22:35]} Rxg4
{[%clk 0:05:43]} 45. Nxg4 {[%clk 0:22:58]} hxg4 {[%clk 0:06:05]} 46. Kg3
{[%clk 0:23:04]} Kf7 {[%clk 0:06:13]} 47. Kxg4 {[%clk 0:23:28]} Kf6
{[%clk 0:06:26]} 48. Re5 {[%clk 0:23:47]} g6 {[%clk 0:06:23]} 49. Kf3
{[%clk 0:23:53]} Bc4 {[%clk 0:05:44]} 50. Ke3 {[%clk 0:24:09]} Bb3
{[%clk 0:05:40]} 51. Kd4 {[%clk 0:24:21]} Bc4 {[%clk 0:04:59]} 52. Kc5
{[%clk 0:24:40]}  1-0

[Event "European Senior Team Championship 2021"]
[Site "Don Giovanni hotel, Vinohradska 2733, Prague, Czech Republic"]
[Date "2021.09.02"]
[Round "4"]
[Board "1"]
[White "Pribyl, Josef"]
[Black "Chevelevitch, Evgueni"]
[Result "1-0"]
[WhiteElo "2226"]
[BlackElo "2386"]
[PlyCount "0"]
[EventDate "2021.08.30"]
[EventType "team"]
[EventRounds "9"]
[EventCountry "ECX"]
[WhiteTeam "CHESS ACADEMY PRAHA"]
[BlackTeam "GERMANY 1"]

1. d4 {[%clk 1:30:59]} Nf6 {[%clk 1:30:49]} 2. Nf3 {[%clk 1:31:08]} g6
{[%clk 1:31:09]} 3. Nc3 {[%clk 1:30:42]} d5 {[%clk 1:30:59]} 4. Bf4
{[%clk 1:31:09]} Bg7 {[%clk 1:29:04]} 5. e3 {[%clk 1:31:33]} O-O {[%clk 1:27:21]}
6. Be2 {[%clk 1:31:48]} c5 {[%clk 1:25:23]} 7. Ne5 {[%clk 1:32:06]} Nc6
{[%clk 1:21:06]} 8. Qd2 {[%clk 1:31:17]} Be6 {[%clk 1:04:22]} 9. h4
{[%clk 1:31:03]} Nd7 {[%clk 0:45:48]} 10. Nxc6 {[%clk 1:29:01]} bxc6
{[%clk 0:46:16]} 11. h5 {[%clk 1:29:23]} a5 {[%clk 0:29:28]} 12. Na4
{[%clk 1:25:32]} Bf5 {[%clk 0:23:13]} 13. g4 {[%clk 1:21:02]} Be6
{[%clk 0:20:32]} 14. O-O-O {[%clk 1:19:22]} c4 {[%clk 0:15:23]} 15. Rh2
{[%clk 1:18:02]} f6 {[%clk 0:15:10]} 16. hxg6 {[%clk 1:17:44]} hxg6
{[%clk 0:15:39]} 17. Rdh1 {[%clk 1:16:27]} Kf7 {[%clk 0:14:57]} 18. f3
{[%clk 1:14:12]} Rh8 {[%clk 0:14:26]} 19. Bd1 {[%clk 1:12:06]} Rxh2
{[%clk 0:13:31]} 20. Qxh2 {[%clk 1:12:13]} Qh8 {[%clk 0:11:18]} 21. Qg2
{[%clk 1:12:09]} Qc8 {[%clk 0:11:19]} 22. c3 {[%clk 1:12:09]} Qb7
{[%clk 0:11:09]} 23. Bc2 {[%clk 1:12:19]} Rg8 {[%clk 0:09:48]} 24. Bb1
{[%clk 1:08:36]} Qb5 {[%clk 0:07:14]} 25. Qc2 {[%clk 1:07:12]} Bf8
{[%clk 0:06:53]} 26. Rh7+ {[%clk 1:06:07]} Ke8 {[%clk 0:07:17]} 27. Qd1
{[%clk 1:04:42]} Bf7 {[%clk 0:04:59]} 28. Bc2 {[%clk 1:05:03]} Bg7
{[%clk 0:03:54]} 29. Qh1 {[%clk 1:04:28]} Nf8 {[%clk 0:03:21]} 30. Rh2
{[%clk 1:04:30]} Nd7 {[%clk 0:01:16]} 31. Bh6 {[%clk 1:04:14]} Bxh6
{[%clk 0:00:44]} 32. Rxh6 {[%clk 1:04:42]} Qb8 {[%clk 0:30:28]} 33. f4
{[%clk 1:33:54]}  1-0

[Event "European Senior Team Championship 2021"]
[Site "Don Giovanni hotel, Vinohradska 2733, Prague, Czech Republic"]
[Date "2021.09.02"]
[Round "4"]
[Board "2"]
[White "Hort, Vlastimil"]
[Black "Mojzis, Jaroslav"]
[Result "1/2-1/2"]
[WhiteElo "2385"]
[BlackElo "2030"]
[PlyCount "0"]
[EventDate "2021.08.30"]
[EventType "team"]
[EventRounds "9"]
[EventCountry "ECX"]
[WhiteTeam "GERMANY 1"]
[BlackTeam "CHESS ACADEMY PRAHA"]

1. e4 {[%clk 1:30:58]} e5 {[%clk 1:30:44]} 2. Nf3 {[%clk 1:31:16]} Nc6
{[%clk 1:31:08]} 3. Bb5 {[%clk 1:31:28]} a6 {[%clk 1:31:29]} 4. Ba4
{[%clk 1:31:42]} Nf6 {[%clk 1:31:46]} 5. Bxc6 {[%clk 1:31:23]} dxc6
{[%clk 1:32:04]} 6. d3 {[%clk 1:31:52]} Nd7 {[%clk 1:31:40]} 7. Nbd2
{[%clk 1:32:10]} Be7 {[%clk 1:31:32]} 8. Nc4 {[%clk 1:32:27]} f6 {[%clk 1:31:49]}
9. Nh4 {[%clk 1:28:03]} O-O {[%clk 1:29:15]} 10. Nf5 {[%clk 1:23:27]} Nc5
{[%clk 1:22:41]} 11. O-O {[%clk 1:22:43]} Bxf5 {[%clk 1:09:26]} 12. exf5
{[%clk 1:18:32]} Qd7 {[%clk 1:08:26]} 13. Ne3 {[%clk 1:17:45]} Rad8
{[%clk 1:07:33]} 14. Qe2 {[%clk 1:15:25]} Kh8 {[%clk 1:04:26]} 15. Rd1
{[%clk 1:14:11]} Rfe8 {[%clk 1:03:27]} 16. h3 {[%clk 1:10:39]} Bf8
{[%clk 1:01:29]} 17. Qg4 {[%clk 1:05:06]} Qf7 {[%clk 0:48:38]} 18. Qe2
{[%clk 1:03:11]} Qd7 {[%clk 0:47:52]} 19. a4 {[%clk 1:01:03]} a5 {[%clk 0:41:43]}
20. Bd2 {[%clk 0:59:37]} b6 {[%clk 0:41:58]} 21. Bc3 {[%clk 0:59:46]} Nb7
{[%clk 0:40:33]} 22. d4 {[%clk 0:57:15]} exd4 {[%clk 0:37:36]} 23. Qf3
{[%clk 0:55:59]} Bc5 {[%clk 0:33:10]} 24. Bxd4 {[%clk 0:53:29]} Bxd4
{[%clk 0:33:21]} 25. c3 {[%clk 0:53:58]} Nd6 {[%clk 0:33:21]} 26. Rxd4
{[%clk 0:52:56]} Re5 {[%clk 0:31:34]} 27. g4 {[%clk 0:51:53]} c5 {[%clk 0:26:36]}
28. Rd2 {[%clk 0:49:57]} Qe7 {[%clk 0:23:03]} 29. Kg2 {[%clk 0:48:39]} Re8
{[%clk 0:22:55]} 30. Rad1 {[%clk 0:48:18]} Qf7 {[%clk 0:16:53]} 31. Rd5
{[%clk 0:45:51]} g6 {[%clk 0:12:56]} 32. fxg6 {[%clk 0:43:46]} hxg6
{[%clk 0:13:14]} 33. c4 {[%clk 0:43:18]} Kg7 {[%clk 0:12:16]} 34. b3
{[%clk 0:42:51]} Ne4 {[%clk 0:09:15]} 35. Rxe5 {[%clk 0:41:22]} Rxe5
{[%clk 0:09:35]} 36. Rd5 {[%clk 0:41:29]} Rxd5 {[%clk 0:06:48]} 37. Nxd5
{[%clk 0:40:55]} Ng5 {[%clk 0:07:04]} 38. Qe3 {[%clk 0:40:02]} Ne6
{[%clk 0:05:16]} 39. h4 {[%clk 0:39:21]} Nd4 {[%clk 0:03:53]} 40. Nf4
{[%clk 0:39:06]} Qd7 {[%clk 0:02:42]} 41. f3 {[%clk 0:37:59]} Kf7
{[%clk 0:25:18]} 42. Qd3 {[%clk 1:04:02]} f5 {[%clk 0:24:33]} 43. g5
{[%clk 1:03:47]} Qd6 {[%clk 0:24:07]} 44. Qd2 {[%clk 0:50:49]} Nxb3
{[%clk 0:17:02]} 45. Qxd6 {[%clk 0:51:04]} cxd6 {[%clk 0:17:26]} 46. Nd5
{[%clk 0:51:30]} Nd2 {[%clk 0:17:30]} 47. Nxb6 {[%clk 0:51:50]} d5
{[%clk 0:17:21]} 48. cxd5 {[%clk 0:44:56]} c4 {[%clk 0:17:26]} 49. Kf2
{[%clk 0:45:00]} c3 {[%clk 0:17:32]} 50. Ke2 {[%clk 0:43:45]} Nxf3
{[%clk 0:17:34]} 51. Kd3 {[%clk 0:43:56]} Nxh4 {[%clk 0:16:29]} 52. Nc4
{[%clk 0:44:03]} Nf3 {[%clk 0:09:41]} 53. Nxa5 {[%clk 0:43:43]} Nxg5
{[%clk 0:07:40]} 54. Kxc3 {[%clk 0:43:54]} Ne4+ {[%clk 0:07:32]} 55. Kd4
{[%clk 0:44:12]} g5 {[%clk 0:07:28]} 56. Nc4 {[%clk 0:43:55]} g4 {[%clk 0:06:32]}
57. Ne5+ {[%clk 0:43:55]} Ke7 {[%clk 0:06:03]} 58. a5 {[%clk 0:42:38]} Nd6
{[%clk 0:04:57]} 59. a6 {[%clk 0:42:27]} g3 {[%clk 0:02:37]} 60. Ke3
{[%clk 0:41:44]} Nc8 {[%clk 0:02:59]} 61. Nc4 {[%clk 0:32:35]} Kd7
{[%clk 0:03:11]} 62. Kf3 {[%clk 0:31:37]} f4 {[%clk 0:03:35]} 63. Ne5+
{[%clk 0:30:51]} Kd6 {[%clk 0:03:03]} 64. Nd3 {[%clk 0:30:51]}  1/2-1/2

[Event "European Senior Team Championship 2021"]
[Site "Don Giovanni hotel, Vinohradska 2733, Prague, Czech Republic"]
[Date "2021.09.02"]
[Round "4"]
[Board "3"]
[White "Mlynek, Petr"]
[Black "Baum, Bernd"]
[Result "1/2-1/2"]
[WhiteElo "2058"]
[BlackElo "2255"]
[PlyCount "0"]
[EventDate "2021.08.30"]
[EventType "team"]
[EventRounds "9"]
[EventCountry "ECX"]
[WhiteTeam "CHESS ACADEMY PRAHA"]
[BlackTeam "GERMANY 1"]

1. d4 {[%clk 1:30:55]} Nf6 {[%clk 1:30:57]} 2. c4 {[%clk 1:31:11]} g6
{[%clk 1:31:20]} 3. Nf3 {[%clk 1:31:27]} Bg7 {[%clk 1:31:43]} 4. g3
{[%clk 1:31:37]} O-O {[%clk 1:31:18]} 5. Bg2 {[%clk 1:31:59]} c6 {[%clk 1:31:25]}
6. O-O {[%clk 1:32:01]} d5 {[%clk 1:31:43]} 7. b3 {[%clk 1:30:04]} Bf5
{[%clk 1:30:58]} 8. Bb2 {[%clk 1:29:37]} a5 {[%clk 1:30:55]} 9. Nc3
{[%clk 1:29:15]} Ne4 {[%clk 1:28:43]} 10. Nh4 {[%clk 1:25:03]} Nxc3
{[%clk 1:27:15]} 11. Bxc3 {[%clk 1:25:17]} Be6 {[%clk 1:26:18]} 12. c5
{[%clk 1:24:18]} Nd7 {[%clk 1:25:02]} 13. Rc1 {[%clk 1:20:59]} Nf6
{[%clk 1:22:41]} 14. f4 {[%clk 1:19:09]} Qc8 {[%clk 1:17:18]} 15. a4
{[%clk 1:15:06]} Bh3 {[%clk 1:15:22]} 16. Bxh3 {[%clk 1:03:52]} Qxh3
{[%clk 1:15:48]} 17. Qe1 {[%clk 1:03:12]} Ne4 {[%clk 0:58:22]} 18. e3
{[%clk 1:02:01]} f6 {[%clk 0:53:14]} 19. Nf3 {[%clk 0:57:44]} Nxc3
{[%clk 0:41:55]} 20. Qxc3 {[%clk 0:55:47]} Rfe8 {[%clk 0:36:37]} 21. Rc2
{[%clk 0:48:37]} Qd7 {[%clk 0:29:37]} 22. Rcf2 {[%clk 0:40:15]} Qc7
{[%clk 0:28:53]} 23. g4 {[%clk 0:37:28]} e6 {[%clk 0:27:51]} 24. g5
{[%clk 0:36:24]} Rf8  1/2-1/2

[Event "European Senior Team Championship 2021"]
[Site "Don Giovanni hotel, Vinohradska 2733, Prague, Czech Republic"]
[Date "2021.09.02"]
[Round "4"]
[Board "4"]
[White "Kierzek, Matthias"]
[Black "Horak, Vladimir"]
[Result "1-0"]
[WhiteElo "2201"]
[BlackElo "1954"]
[PlyCount "0"]
[EventDate "2021.08.30"]
[EventType "team"]
[EventRounds "9"]
[EventCountry "ECX"]
[WhiteTeam "GERMANY 1"]
[BlackTeam "CHESS ACADEMY PRAHA"]

1. d4 {[%clk 1:30:56]} e6 {[%clk 1:30:53]} 2. c4 {[%clk 1:31:17]} Nf6
{[%clk 1:31:09]} 3. Nf3 {[%clk 1:31:39]} d5 {[%clk 1:31:29]} 4. Nc3
{[%clk 1:32:03]} c6 {[%clk 1:31:53]} 5. Bg5 {[%clk 1:32:24]} Be7 {[%clk 1:32:07]}
6. e3 {[%clk 1:32:48]} Nbd7 {[%clk 1:32:22]} 7. Bd3 {[%clk 1:32:58]} h6
{[%clk 1:31:55]} 8. Bh4 {[%clk 1:33:19]} O-O {[%clk 1:32:03]} 9. O-O
{[%clk 1:33:32]} Re8 {[%clk 1:31:55]} 10. Rc1 {[%clk 1:33:06]} a6
{[%clk 1:27:43]} 11. a4 {[%clk 1:07:00]} dxc4 {[%clk 1:26:00]} 12. Bxc4
{[%clk 1:07:27]} b5 {[%clk 1:24:02]} 13. Bd3 {[%clk 1:06:00]} Bb7
{[%clk 1:23:31]} 14. Bxf6 {[%clk 1:01:28]} Bxf6 {[%clk 1:21:48]} 15. Ne4
{[%clk 1:01:13]} Be7 {[%clk 1:16:40]} 16. Nc5 {[%clk 0:52:36]} Nxc5
{[%clk 1:08:48]} 17. dxc5 {[%clk 0:52:59]} Qd5 {[%clk 1:04:51]} 18. Qc2
{[%clk 0:52:08]} bxa4 {[%clk 0:57:17]} 19. Nd4 {[%clk 0:34:14]} Bf6
{[%clk 0:48:24]} 20. Be4 {[%clk 0:31:42]} Qd7 {[%clk 0:47:26]} 21. Rfd1
{[%clk 0:30:16]} Bxd4 {[%clk 0:46:02]} 22. Rxd4 {[%clk 0:30:32]} Qc7
{[%clk 0:44:30]} 23. Qxa4 {[%clk 0:30:43]} Rad8 {[%clk 0:38:01]} 24. Rcd1
{[%clk 0:29:59]} e5 {[%clk 0:35:50]} 25. Rd6 {[%clk 0:27:39]} Rxd6
{[%clk 0:35:48]} 26. Rxd6 {[%clk 0:26:54]} Rd8 {[%clk 0:35:34]} 27. Qd1
{[%clk 0:25:48]} Rxd6 {[%clk 0:35:57]} 28. cxd6 {[%clk 0:25:31]} Qd7
{[%clk 0:36:26]} 29. Bf5  1-0

[Event "European Senior Team Championship 2021"]
[Site "Don Giovanni hotel, Vinohradska 2733, Prague, Czech Republic"]
[Date "2021.09.02"]
[Round "4"]
[Board "1"]
[White "Jurek, Josef"]
[Black "Kolbak, Jens"]
[Result "1/2-1/2"]
[WhiteElo "2208"]
[BlackElo "2169"]
[PlyCount "0"]
[EventDate "2021.08.30"]
[EventType "team"]
[EventRounds "9"]
[EventCountry "ECX"]
[WhiteTeam "SK SOKOL VYSEHRAD"]
[BlackTeam "SK 2012"]

1. Nf3 {[%clk 1:30:50]} d5 {[%clk 1:30:41]} 2. c4 {[%clk 1:30:28]} c6
{[%clk 1:30:52]} 3. e3 {[%clk 1:29:26]} Nf6 {[%clk 1:30:36]} 4. Nc3
{[%clk 1:29:05]} g6 {[%clk 1:30:14]} 5. d4 {[%clk 1:27:32]} Bg7 {[%clk 1:30:37]}
6. Be2 {[%clk 1:25:56]} O-O {[%clk 1:30:35]} 7. O-O {[%clk 1:26:09]} Bg4
{[%clk 1:18:39]} 8. h3 {[%clk 1:24:56]} Bxf3 {[%clk 1:18:59]} 9. Bxf3
{[%clk 1:25:15]} e6 {[%clk 1:19:15]} 10. Qe2 {[%clk 1:18:38]} Nbd7
{[%clk 1:19:05]} 11. Rd1 {[%clk 1:18:28]} Re8 {[%clk 1:14:29]} 12. e4
{[%clk 1:17:57]} dxe4 {[%clk 1:13:58]} 13. Nxe4 {[%clk 1:17:36]} Nxe4
{[%clk 1:14:13]} 14. Bxe4 {[%clk 1:13:53]} Qb6 {[%clk 1:00:58]} 15. Be3
{[%clk 1:11:04]} c5 {[%clk 1:01:19]} 16. dxc5 {[%clk 1:06:30]} Nxc5
{[%clk 1:01:35]} 17. b4 {[%clk 1:02:09]} Qxb4 {[%clk 1:01:23]} 18. Rab1
{[%clk 1:02:05]} Qa3 {[%clk 1:01:35]} 19. Bxc5 {[%clk 0:56:39]} Qxc5
{[%clk 1:02:00]} 20. Rb5 {[%clk 0:50:38]} Qa3 {[%clk 0:58:48]} 21. Rb3
{[%clk 0:43:19]} Qc5 {[%clk 0:58:19]} 22. Rb5 {[%clk 0:41:12]} Qa3
{[%clk 0:58:39]} 23. Bxb7 {[%clk 0:31:47]} Rad8 {[%clk 0:57:09]} 24. Rbb1  1/2-1/2